Bugs Bunny or Joseph Stalin? Quiz Stats

Quiz Updated Feb 12, 2015

Challenge
Share
Tweet
Embed
Score 0/20 Timer 03:00
0 Plays Today
Quote Stalin or Bugs? % Correct
What's up, Doc????
93%
Ain't I a stinker????
90.8%
One death is a tragedy, one million is a statistic.???
89.4%
There are no invincible armies.???
86.9%
Die, but do not retreat.???
86.6%
Gratitude is a sickness suffered by dogs.???
84.7%
Someone oughta teach them that crime doesn't pay.???
81.1%
Ideas are more powerful than guns.???
79.8%
This means war.???
78.3%
You've got to get up early in the morning to outsmart me.???
77.5%
Quote Stalin or Bugs? % Correct
Oh, the places I've been and the things I've seen!???
75.1%
I trust no one, not even myself.???
73.9%
Why don't you go shoot an elephant????
72.1%
Now just a minute, Von Schmamm the Hessian.???
71%
I don't ask questions, I just have fun.???
69.6%
The Pope? How many divisions has he got????
69.5%
Victory will be ours!???
63.8%
This creature softened my heart of stone.???
54.5%
I'm willing to do anything my public demands.???
41%
Iron bars do not a prison make.???
29%

You're not logged in!

Compare scores with friends on all Sporcle quizzes.
Sign Up with Email
OR
Log In

You Might Also Like...

Show Comments

Extras

Top Quizzes Today


Score Distribution

Your Account Isn't Verified!

In order to create a playlist on Sporcle, you need to verify the email address you used during registration. Go to your Sporcle Settings to finish the process.